[Event "Wch Seniors 08th"]
[Site "Grieskirchen"]
[Date "1998.11.09"]
[Round "1"]
[White "Reer, Erdmann"]
[Black "Brandstaetter, Rudolf"]
[Result "1-0"]
[WhiteElo "2099"]
[BlackElo "1448"]
[PlyCount "77"]
[EventDate "1998.11.08"]
[EventType "swiss"]
[EventRounds "11"]
[EventCountry "AUT"]
[SourceTitle "CBM 067 Extra"]
[Source "ChessBase"]
[SourceDate "1999.01.01"]
[SourceVersion "1"]
[SourceVersionDate "1999.01.01"]
[SourceQuality "1"]

1. e4 e5 2. Nf3 Nc6 3. Bb5 a6 4. Bxc6 dxc6 5. d4 exd4 6. Qxd4 Qxd4 7. Nxd4 Bd6 8. 0-0 Ne7 9. Nc3 Be5 10. Be3 c5 11. Nde2 b6 12. f4 Bxc3 13. Nxc3 0-0 14. f5 f6 15. Bf4 Ra7 16. Rad1 Rb7 17. Rd2 Ra7 18. Rfd1 Rb7 19. Nd5 Nxd5 20. Rxd5 Re8 21. Bg3 Kf7 22. Rd8 Ke7 23. R8d2 Kf7 24. Re1 Bxf5 25. exf5 Rxe1+ 26. Bxe1 Ke7 27. g4 h6 28. Kg2 b5 29. Bf2 c4 30. Bc5+ Ke8 31. Re2+ Kf7 32. Re7+ Kg8 33. h4 a5 34. g5 hxg5 35. hxg5 fxg5 36. Bd4 a4 37. Rxg7+ Kf8 38. f6 g4 39. Bc5+ 1-0